Grösste Schweizer Städte nach Buchstabe - G - Statistiken

Allgemein
  • Dieses Quiz wurde 102 mal gespielt
  • Das Durchschnittsergebnis liegt bei 6 aus 10
Antwortstatistiken
Kanton Einwohner Stadt % Korrekt
GE 203’840 Genève
100%
GL 12’515 Glarus
99%
SG 18’226 Gossau
72%
ZH 10’336 Gossau
72%
GL 9’528 Glarus Süd
70%
GL 19’428 Glarus Nord
69%
SO 17’939 Grenchen
64%
VD 13’664 Gland
43%
SG 9’562 Goldach
34%
SG 8’523 Gaiserwald
15%
Keine übereinstimmenden Quizze gefunden
Verteilung der Resultate
Anzahl Personen mit jedem Resultat
Perzentil nach korrekt beantworteten Fragen
Ihre Resultats-Entwicklung
Sie haben dieses Quiz noch nicht gespielt